Máy điện T.2 Máy điện

Đã lưu trong:
書目詳細資料
主要作者: Trần Văn Chính (Tác giả)
格式: 圖書
語言:Vietnamese
出版: H. Giáo dục 1997
主題:
標簽: 添加標簽
沒有標簽, 成為第一個標記此記錄!
Thư viện lưu trữ: Mạng thư viện Đại học Đà Nẵng
LEADER 01063nam a2200337 4500
001 000008127
003 4311
005 20111014111011.0
008 111014s1997 viesd
020 |c 19000đ 
041 0 |a vie 
082 |a 621.313  |b TR-C 
100 0 |a Trần Văn Chính  |e Tác giả 
245 1 0 |a Máy điện  |c Trần Văn Chính  |n T.2  |p Máy điện 
260 |a H.  |b Giáo dục  |c 1997 
300 |a 187 tr  |b 2 tập  |c 27 cm 
653 |a Máy điện 
653 |a tập 2 
700 |a Trần Văn Chính  |e Tác giả 
773 |t Máy điện  |w 4303 
910 |a duyên 
OWN |a LSP 
AVA |a UDN50  |b LSP  |d 621.313 TR-C  |e unavailable  |t Error 5002 Not defined in file expand_doc_bib_avail.  |f 1  |g 1  |h N  |i 0  |k 1 
999 |a From the UDN01 
AVA |a UDN50  |b LSP  |d 621.313 TR-C  |e unavailable  |t Error 5002 Not defined in file expand_doc_bib_avail.  |f 1  |g 1  |h N  |i 0  |k 1 
TYP |a Monograph 
TYP |a Printed language 
980 |a Mạng thư viện Đại học Đà Nẵng